| 000 | 01150cam a22003014 4500 | ||
|---|---|---|---|
| 001 | z 01000046 | ||
| 003 | DLC | ||
| 005 | 20260227112812.0 | ||
| 008 | 820525s1898 sp b 000 0 spa | ||
| 010 | _az 01000046 | ||
| 040 |
_aDLC _cDLC |
||
| 043 | _ae-sp--- | ||
| 050 | 0 | 0 |
_aZ7052 _b.P79 |
| 050 | 0 | 0 | _aMicrofilm 48165 Z |
| 100 | 1 | _aPons Boigues, Francisco. | |
| 245 | 1 | 0 |
_aEnsayo bio-bibliográfico sobre los historiadores y geógrafos arábigo-españoles / _cpor Francisco Pons Boigues. |
| 260 |
_aMadrid : _bSan Francisco de Sales, _c1898. |
||
| 300 |
_a514 p. ; _c28 cm. |
||
| 500 | _a"Obra premiada por la Biblioteca Nacional." | ||
| 500 |
_aCopy 3 has has stamp in Japanese on t.p. of Minami Manshū Tetsudō Kabushiki Kaisha, Tōa Keizai Chōsakyoku. _5DLC |
||
| 650 | 0 |
_aArabic literature _vBio-bibliography. |
|
| 650 | 0 |
_aHistory _vBio-bibliography. |
|
| 650 | 0 |
_aGeography _vBio-bibliography. |
|
| 650 | 0 |
_aArabs _zSpain _vBio-bibliography. |
|
| 651 | 0 |
_aSpain _vBio-bibliography. |
|
| 710 | 2 | _aBiblioteca Nacional (Spain). | |
| 710 | 2 |
_aMinami Manshū Tetsudō Kabushiki Kaisha. _bTōa Keizai Chōsakyoku, _eformer owner. _5DLC |
|
| 999 |
_c92413 _d92413 |
||